Statistics for Hosts of International Mathematics Olympiad

Click here to take the quiz!

General Stats

  • This quiz has been taken 369 times
  • The average score is 50 of 58

Answer Stats

YearHost Country% Correct
1981United States
100%
2001United States
100%
1979United Kingdom
98%
2002United Kingdom
98%
1990China
97%
2016Hong Kong
97%
1994Hong Kong
97%
1973Soviet Union
97%
1968Soviet Union
97%
1964Soviet Union
97%
2003Japan
96%
1995Canada
95%
1965East Germany
95%
1974East Germany
95%
1992Russia
95%
1983France
94%
2009Germany
94%
1989Germany
94%
2017Brazil
93%
2005Mexico
93%
2008Spain
93%
1988Australia
92%
1996India
91%
2000South Korea
91%
1997Argentina
90%
2012Argentina
90%
1991Sweden
90%
1963Poland
89%
1986Poland
89%
1972Poland
89%
2004Greece
87%
2014South Africa
86%
1985Finland
85%
1977Yugoslavia
85%
1976Austria
84%
1970Hungary
84%
1961Hungary
84%
1982Hungary
84%
1978Romania
84%
1959Romania
84%
1999Romania
84%
1969Romania
84%
1960Romania
84%
2011Netherlands
83%
1993Turkey
82%
1966Bulgaria
79%
1975Bulgaria
79%
1971Czechoslovakia
79%
2015Thailand
78%
2007Vietnam
75%
2013Colombia
72%
1984Czechoslovakia
67%
1962Czechoslovakia
67%
1998Taiwan
67%
1967Yugoslavia
67%
1987Cuba
63%
2006Slovenia
60%
2010Kazakhstan
41%

Score Distribution

Percentile by Number Answered

Percent of People with Each Score

Your Score History

You have not taken this quiz